<?xml version="1.0" encoding="UTF-8"?><?xml-stylesheet type="text/xsl" href="static/style.xsl"?><OAI-PMH xmlns="http://www.openarchives.org/OAI/2.0/" xmlns:xsi="http://www.w3.org/2001/XMLSchema-instance" xsi:schemaLocation="http://www.openarchives.org/OAI/2.0/ http://www.openarchives.org/OAI/2.0/OAI-PMH.xsd"><responseDate>2026-04-13T19:50:59Z</responseDate><request verb="GetRecord" identifier="oai:www.recercat.cat:10230/47702" metadataPrefix="marc">https://recercat.cat/oai/request</request><GetRecord><record><header><identifier>oai:recercat.cat:10230/47702</identifier><datestamp>2025-12-18T01:08:51Z</datestamp><setSpec>com_2072_6</setSpec><setSpec>col_2072_452952</setSpec></header><metadata><record xmlns="http://www.loc.gov/MARC21/slim" xmlns:dcterms="http://purl.org/dc/terms/" xmlns:xsi="http://www.w3.org/2001/XMLSchema-instance" xmlns:doc="http://www.lyncode.com/xoai" xsi:schemaLocation="http://www.loc.gov/MARC21/slim http://www.loc.gov/standards/marcxml/schema/MARC21slim.xsd">
   <leader>00925njm 22002777a 4500</leader>
   <datafield ind2=" " ind1=" " tag="042">
      <subfield code="a">dc</subfield>
   </datafield>
   <datafield ind2=" " ind1=" " tag="720">
      <subfield code="a">Martin-Sánchez, Mario</subfield>
      <subfield code="e">author</subfield>
   </datafield>
   <datafield ind2=" " ind1=" " tag="720">
      <subfield code="a">Case, Richard</subfield>
      <subfield code="e">author</subfield>
   </datafield>
   <datafield ind2=" " ind1=" " tag="720">
      <subfield code="a">Fairley, Christopher</subfield>
      <subfield code="e">author</subfield>
   </datafield>
   <datafield ind2=" " ind1=" " tag="720">
      <subfield code="a">Hocking, Jane S.</subfield>
      <subfield code="e">author</subfield>
   </datafield>
   <datafield ind2=" " ind1=" " tag="720">
      <subfield code="a">Bradshaw, Catriona</subfield>
      <subfield code="e">author</subfield>
   </datafield>
   <datafield ind2=" " ind1=" " tag="720">
      <subfield code="a">Ong, Jason</subfield>
      <subfield code="e">author</subfield>
   </datafield>
   <datafield ind2=" " ind1=" " tag="720">
      <subfield code="a">Chen, Marcus Y.</subfield>
      <subfield code="e">author</subfield>
   </datafield>
   <datafield ind2=" " ind1=" " tag="720">
      <subfield code="a">Chow, Eric P.F.</subfield>
      <subfield code="e">author</subfield>
   </datafield>
   <datafield ind2=" " ind1=" " tag="260">
      <subfield code="c">2021-06-01T06:57:58Z</subfield>
   </datafield>
   <datafield ind2=" " ind1=" " tag="260">
      <subfield code="c">2021-06-01T06:57:58Z</subfield>
   </datafield>
   <datafield ind2=" " ind1=" " tag="260">
      <subfield code="c">2020</subfield>
   </datafield>
   <datafield ind2=" " ind1=" " tag="520">
      <subfield code="a">Objectives: In the 2010s, there has been an increase in sexually transmitted infections (STI) in men who have sex with men (MSM) in Australia, and since 2015 also in urban heterosexuals. Men who have sex with both men and women (MSMW) have characteristics that may differ from both men who have sex with men only (MSMO) and heterosexual men. We aimed to compare the sexual practices and the trends in HIV/STI positivity between MSMO and MSMW. Design: Repeated cross-sectional study. Setting: A sexual health centre in Melbourne, Australia. Participants: MSM aged 18 years and above who attended the Melbourne Sexual Health Centre for the first time between 2011 and 2018. This includes 12 795 MSMO and 1979 MSMW. Primary outcome measures: Demographic characterics, sexual practices and HIV/STI positivity. Results: Compared with MSMW, MSMO were more likely to practice anal sex and to have condomless receptive anal sex with casual male partners, and less likely to have a current regular relationship. Over the 8-year period, there was an increase in condomless receptive anal sex with casual male partners for both groups (MSMO: from 46.2% to 63.3%, ptrend &amp;lt;0.001; MSMW: from 41.3% to 57.9%, ptrend=0.011). Syphilis positivity increased in MSMO (from 5.5% to 7.9%, ptrend=0.012) and MSMW (from 0.9% to 6.4%, ptrend=0.004) and HIV remained stable. Gonorrhoea increased among MSMO from 2011 to 2014 (from 6.7% to 9.6%, ptrend=0.002), and remained stable from 2015 to 2018. MSMO had higher odds of testing positive for gonorrhoea (adjusted OR (aOR) 1.36, 95% CI 1.13 to 1.64), chlamydia (aOR 1.39, 95% CI 1.16 to 1.67), syphilis (aOR 1.74, 95% CI 1.37 to 2.22) and HIV (aOR 4.60, 95% CI 2.43 to 8.70) than MSMW. Conclusions: MSMW have overall lower condomless sex and lower HIV/STI positivity. In the last years, changes in sexual practices in MSM have affected both MSMW and MSMO leading to an increased STI risk.</subfield>
   </datafield>
   <datafield tag="653" ind2=" " ind1=" ">
      <subfield code="a">HIV &amp;amp; AIDS</subfield>
   </datafield>
   <datafield tag="653" ind2=" " ind1=" ">
      <subfield code="a">Epidemiology</subfield>
   </datafield>
   <datafield tag="653" ind2=" " ind1=" ">
      <subfield code="a">Public health</subfield>
   </datafield>
   <datafield tag="653" ind2=" " ind1=" ">
      <subfield code="a">Sexual medicine</subfield>
   </datafield>
   <datafield ind2="0" ind1="0" tag="245">
      <subfield code="a">Trends and differences in sexual practices and sexually transmitted infections in men who have sex with men only (MSMO) and men who have sex with men and women (MSMW): a repeated cross-sectional study in Melbourne, Australia</subfield>
   </datafield>
</record></metadata></record></GetRecord></OAI-PMH>